Statistiques concernant Culture Générale - Série 1509

Cliquez ici pour prendre le quiz!

Statistiques générales

  • Ce quiz a été pris 80 fois
  • Le résultat moyen est 4 sur 10

Statistiques - réponses

QuestionRéponse% Correct
Dans quel département français se trouve la ville de Kourou ?Guyane
88%
Quel animal est la principale victime de la maladie appelée : "myxomatose" ?lapin
84%
Quelle actrice chante en duo avec Serge Gainsbourg "Bonnie And Clyde" en 1968 ?Brigitte Bardot
69%
Quel était le métier de Mahatma Gandhi ?avocat
56%
Quel est l'autre nom du globule blanc ?leucocyte
51%
Qui est l'auteur du roman de 1788 intitulé : "Paul et Virginie" ?Bernardin de Saint-Pierre
25%
Dans la tragédie de Shakespeare, Othello tue par jalousie son épouse ...Desdémone
19%
Quel champignon est appelé également 'lépiote élevée' ?coulemelle
17%
Quelle île, annexée par l'U.R.S.S. en 1945, est séparée de la Sibérie par le détroit de Tartarie ?Sakhaline
17%
Dans le film "Les Choristes", quel est le nom de l'internat dans lequel est pensionnaire le jeune Pépinot ?Fond de l'Étang
16%

Distribution des résultats

Percentile par nombre de réponses

% des personnes avec chaque résultat

Votre développement - résultats

Vous n’avez pas pris ce quiz